000 00194 a2200097 4500
001 5145
100 _aSoohoo,RF
245 _aMagnetic thin films
260 _a
_bHarper
_c
090 _c4279
_d4279
942 _aNUST-CAE
_cM
_c30577
999 _c240218
_d240218